Welcome to the Holygrace Academy Library

Please use search bar below to get started

NANCY DREW - ONCE UPON A CRIME (Record no. 7891)

MARC details
000 -LEADER
fixed length control field 01055nam a22001457a 4500
020 ## - INTERNATIONAL STANDARD BOOK NUMBER
ISBN 978-1-4169-1248-4
082 ## - DEWEY DECIMAL CLASSIFICATION NUMBER
Classification number 823
Item number KEE/N
100 ## - MAIN ENTRY--AUTHOR NAME
Personal name KEENE, CAROLYN
245 ## - TITLE STATEMENT
Title NANCY DREW - ONCE UPON A CRIME
260 ## - PUBLICATION, DISTRIBUTION, ETC. (IMPRINT)
Place of publication NEW YORK
Name of publisher ALADDIN PAPERBACKS
Year of publication 2006
300 ## - PHYSICAL DESCRIPTION
Number of Pages 185
520 ## - SUMMARY, ETC.
Summary, etc Once upon a crime, in a faraway land know as River Heights... Hi, it's me, Nancy Drew. I thought meeting my hero, mystery writer Hazel Perrault, would be a dream come true. As soon as I found out she was joining forces with a local charity to build a community center for wayward teen girls, I knew I wanted to help. But instead of building and decorating, I'm, stuck doing all the cooking and cleaning for all the other volunteers! Yuck! Worse yet, I have a hunch that someone is trying to sabotage the project -- and the big fund-raising gala at the end of it. My fairy-tale adventure is turning into a nightmare, and if I can't solve this mystery, I'm not sure any of us will be able to live happily ever after....
650 ## - SUBJECT ADDED ENTRY--TOPICAL TERM
Topical Term MYSTERY
Geographic subdivision UNITED STATES
942 ## - ADDED ENTRY ELEMENTS (KOHA)
Koha item type Books
Holdings
Withdrawn status Lost status Collection code Home library Current library Shelving location Date acquired Source of acquisition Cost, normal purchase price Full call number Accession Number Koha item type
    Fiction Main Library Main Library NEW SHELF WITH NEW ENTRY 20/11/2023 purchase 250.00 823 KEE/N 13470 Books